| 000 | 00935nam a22002655a 4500 | ||
|---|---|---|---|
| 005 | 2009122401531.0 | ||
| 008 | 080813s2009 nyu 000 0 eng | ||
| 010 | _aB-444585 | ||
| 020 |
_a9780545135702 _c475.00 |
||
| 020 |
_a0545135702 _c475.00 |
||
| 035 | _aB-444585 | ||
| 037 | _bScholastic | ||
| 037 | _bBlue Berry/Ven | ||
| 040 |
_adpl _bEnglish |
||
| 082 | _aS | ||
| 100 |
_aLerangis, Peter _938906 |
||
| 245 |
_aThe sword thief / _cby Peter Lerangis |
||
| 260 |
_aNew York _bScholastic _c2009 |
||
| 270 |
_a557 Broadway _bNew York _e10012 |
||
| 300 |
_a156p. _c20cm(Hb) |
||
| 490 |
_aThe 39 clues ;book 3 _938907 |
||
| 942 |
_2ddc _cCH _mLER _hS |
||
| 999 |
_c33344 _d33344 |
||